000
00268nam a22001097a 4500
008
230704b xxu||||| |||| 00| 0 eng d
082
_a
362.2
_b
INC 1998
245
_a
Narcotic Drugs stupefiants Estupefacientes
260
_b
UN
_c
1998
300
_a
236p
942
_2
ddc
_c
BK
999
_c
3862
_d
3862